Normal view
MARC view
- تاليف الجرجاني،عبد القاهر؛ حققة يسري عبد الغني عبد الله
Entry Personal Name
001 - CONTROL NUMBER
- control field: 8574
003 - CONTROL NUMBER IDENTIFIER
- control field: JO-AjAnu
005 - DATE AND TIME OF LATEST TRANSACTION
- control field: 20230606071701.0
008 - FIXED-LENGTH DATA ELEMENTS
- fixed length control field: 230606|| aca||aabn | a|a d
040 ## - CATALOGING SOURCE
- Original cataloging agency: JO-AjAnu
- Transcribing agency: JO-AjAnu
100 ## - HEADING--PERSONAL NAME
- Personal name: تاليف الجرجاني،عبد القاهر؛ حققة يسري عبد الغني عبد الله
670 ## - SOURCE DATA FOUND
- Source citation: Work cat.: (JO-AjAnu)4427: تاليف الجرجاني،عبد القاهر؛ حققة يسري عبد الغني عبد الله, author, كتاب الجمل في النحو لأبي بكر عبد القاهر بن عبد الرحمن بن محمد الجرجاني المتوفي سنة 471هـ